000 00709nam a2200229Ia 4500
003 OSt
005 20260129152810.0
008 210716s2011 xx 000 0 und d
020 _a9780070611498
040 _cAIMIT LIBRARY
041 _aeng
082 _a332.632
_21
_bBRAD
100 _aDun; Bradstreet.
_9253188
245 _aFinancial risk management /
_cBy Dun and Bradstreet.
250 _a1st ed.
260 _aNew Delhi :
_bTata McGraw Hill Education Private Limited ,
_c2011.
300 _ax,244p. ;
_bPB
_c24 cm
650 _aRisk classification
_9253189
650 _aTools for management
_9253190
650 _aOther issues in risk management
_9253191
942 _2ddc
_cBK
_e1st
_k332.632 BRAD
999 _c181899
_d181899